Anglicko-slovenský, slovensko-anglický právnický slovník

Salvato in:
Dettagli Bibliografici
Autore principale: Franko, Štefan
Natura: Libro
Lingua:slovacco
inglese
Pubblicazione: Prešov SLOVACONTACT 1995
Edizione:1. vyd.
Soggetti:
Tags: Aggiungi Tag
Nessun Tag, puoi essere il primo ad aggiungerne!!

MARC

LEADER 00000nam a2200000 4500
001 c013294
005 20221214070708.7
020 |a 80-901417-8-1 
041 0 |a slo 
041 0 |a eng 
044 |a SK 
245 1 0 |a Anglicko-slovenský, slovensko-anglický právnický slovník  |c Štefan Franko 
250 |a 1. vyd. 
264 1 |a Prešov  |b SLOVACONTACT  |c 1995 
300 |a 394 s. 
610 2 0 |a právo 
100 1 |a Franko, Štefan